|
|
|
|
| LEADER |
00000cam a22000004a 4500 |
| 001 |
musev2_85629 |
| 003 |
MdBmJHUP |
| 005 |
20230905052808.0 |
| 006 |
m o d |
| 007 |
cr||||||||nn|n |
| 008 |
150907s2015 wau o 00 0 eng d |
| 020 |
|
|
|a 9780295804125
|
| 020 |
|
|
|z 0295804122
|
| 020 |
|
|
|z 0295980400
|
| 020 |
|
|
|z 9780295977881
|
| 035 |
|
|
|a (OCoLC)1265083501
|
| 040 |
|
|
|a MdBmJHUP
|c MdBmJHUP
|
| 100 |
1 |
|
|a Rhoads, Edward J. M.
|
| 245 |
1 |
0 |
|a Lessons in Being Chinese :
|b Minority Education and Ethnic Identity in Southwest China
|
| 264 |
|
1 |
|a Seattle, WA :
|b University of Washington Press,
|c 2015.
|
| 264 |
|
3 |
|a Baltimore, Md. :
|b Project MUSE,
|c 2021
|
| 264 |
|
4 |
|c ©2015.
|
| 300 |
|
|
|a 1 online resource (248 pages):
|b illustrations ;
|
| 336 |
|
|
|a text
|b txt
|2 rdacontent
|
| 337 |
|
|
|a computer
|b c
|2 rdamedia
|
| 338 |
|
|
|a online resource
|b cr
|2 rdacarrier
|
| 490 |
0 |
|
|a Studies on ethnic groups in China
|
| 506 |
0 |
|
|a Open Access
|f Unrestricted online access
|2 star
|
| 588 |
|
|
|a Description based on print version record.
|
| 650 |
|
7 |
|a China
|x Revolution.
|0 (DE-588)4147674-8
|2 gnd
|
| 650 |
|
7 |
|a Politisches System.
|0 (DE-588)4046584-6
|2 gnd
|
| 650 |
|
7 |
|a Ethnische Beziehungen.
|0 (DE-588)4176973-9
|2 gnd
|
| 650 |
|
7 |
|a Mandschu.
|0 (DE-588)4037305-8
|2 gnd
|
| 650 |
|
7 |
|a Chinesen.
|0 (DE-588)4009946-5
|2 gnd
|
| 650 |
|
7 |
|a Manchus.
|2 fast
|0 (OCoLC)fst01007396
|
| 650 |
|
7 |
|a Ethnic relations.
|2 fast
|0 (OCoLC)fst00916005
|
| 650 |
|
0 |
|a Manchus.
|
| 651 |
|
7 |
|a China.
|0 (DE-588)4009937-4
|2 gnd
|
| 651 |
|
7 |
|a China.
|2 fast
|0 (OCoLC)fst01206073
|
| 651 |
|
0 |
|a China
|x History
|y 1912-1928.
|
| 651 |
|
0 |
|a China
|x History
|y 1861-1912.
|
| 651 |
|
0 |
|a China
|x Ethnic relations.
|
| 655 |
|
7 |
|a History.
|2 fast
|0 (OCoLC)fst01411628
|
| 655 |
|
7 |
|a Electronic books.
|2 local
|
| 710 |
2 |
|
|a Project Muse.
|e distributor
|
| 830 |
|
0 |
|a Book collections on Project MUSE.
|
| 856 |
4 |
0 |
|z Texto completo
|u https://projectmuse.uam.elogim.com/book/85629/
|